Gestión de riesgo en las empresas agro-exportadoras. Utilización de instrumentos derivados y modelos de simulación (Registro nro. 28194)

Detalles MARC
000 -LEADER
fixed length control field 00391 a2200109 4500
001 - CONTROL NUMBER
control field ART_33062
005 - DATE AND TIME OF LATEST TRANSACTION
control field 20260410161926.0
008 - FIXED-LENGTH DATA ELEMENTS--GENERAL INFORMATION
fixed length control field 260409a
100 1# - MAIN ENTRY--PERSONAL NAME
Personal name Arcidiácono, María Sol
245 10 - TITLE STATEMENT
Title Gestión de riesgo en las empresas agro-exportadoras. Utilización de instrumentos derivados y modelos de simulación
773 0# - HOST ITEM ENTRY
Title Lecturas
Related parts - Nº 10 (ene. 2006)
Record control number REV19328

No hay ítems disponibles.